| 000 | 00000nam##2200000za#4500 |
| 001 | 9.634747 |
| 003 | CaOODSP |
| 005 | 20210624215925 |
| 007 | cr ||||||||||| |
| 008 | 150407|2007||||xxc|||||o f|0| 0 fre|d |
| 020 | |a978-0-662-07489-2 |
| 040 | |aCaOODSP|bfre |
| 043 | |an-cn--- |
| 086 | 1 |aH164-57/2007F-PDF |
| 110 | 1 |aCanada. |bDirection générale des produits de santé et des aliments. |
| 245 | 10|aDictionnaire sur les additifs alimentaires / |h[ressource électronique]|cPublié par le Bureau d'innocuité des produits chimiques. |
| 260 | |aOttawa - Ontario : |bSanté Canada. |c[2007]. |
| 300 | |a19p. |
| 590 | |a15-05-Supp|b2015-03-31 |
| 691 | 07|aTransformation des aliments|2gcpds |
| 775 | 08|tFood additive dictionary / |w(CaOODSP)9.690382 |
| 856 | 40|ahttp://publications.gc.ca|qPDF|s628 Ko|uhttps://publications.gc.ca/collections/collection_2015/sc-hc/H164-57-2007-fra.pdf |